[Event "International Chess Tournament Paracin 2"]
[Site "Paracin, Serbia"]
[Date "2022.07.09"]
[Round "2.1"]
[White "Anand, Batsukh"]
[Black "Predke, Alexandr"]
[Result "0-1"]
[WhiteElo "2312"]
[BlackElo "2688"]
[PlyCount "80"]
[EventDate "2022.??.??"]

1. d4 Nf6 2. c4 e6 3. Nf3 d5 4. g3 Bb4+ 5. Bd2 Bd6 6. Nc3 O-O 7. Qc2 Nc6 8. c5
Be7 9. Bg2 b6 10. cxb6 axb6 11. O-O Nb4 12. Qd1 c5 13. Re1 Bb7 14. a3 Nc6 15.
dxc5 bxc5 16. e4 d4 17. Nb5 Nd7 18. b3 Na7 19. Nxa7 Rxa7 20. a4 Qa8 21. Qc2 Rc8
22. Bf1 h6 23. Bb5 Ba6 24. Bxa6 Rxa6 25. Rec1 e5 26. Bb4 Bf6 27. Bd2 c4 28.
bxc4 Nc5 29. Bb4 Nxe4 30. Re1 Nxg3 31. hxg3 Qxf3 32. Ra3 Qb7 33. Bd2 Rac6 34.
a5 Rxc4 35. a6 Qxa6 36. Rxa6 Rxc2 37. Bxh6 Kh7 38. f4 Rc1 39. Rxc1 Rxc1+ 40.
Kf2 e4 0-1

[Event "International Chess Tournament Paracin 2"]
[Site "Paracin, Serbia"]
[Date "2022.07.09"]
[Round "2.2"]
[White "Praggnanandhaa, R."]
[Black "Yordanov, Lachezar"]
[Result "1-0"]
[WhiteElo "2648"]
[BlackElo "2316"]
[PlyCount "69"]
[EventDate "2022.??.??"]

1. d4 Nf6 2. Nf3 e6 3. Bf4 d5 4. e3 c5 5. c3 Nc6 6. Nbd2 cxd4 7. exd4 Nh5 8.
Be3 Bd6 9. Ne5 g6 10. Nd3 O-O 11. g3 b6 12. Bg2 Ba6 13. Nf3 Ng7 14. O-O Nf5 15.
Re1 Re8 16. Bc1 Bf8 17. h4 Bg7 18. Nde5 Bb7 19. Nxc6 Bxc6 20. h5 Rc8 21. Ne5
Bb7 22. a4 f6 23. Nd3 g5 24. a5 Qd7 25. axb6 axb6 26. Qb3 Qc6 27. Ra7 Kh8 28.
Qa4 h6 29. Qxc6 Bxc6 30. Nb4 Ba8 31. Na6 Bc6 32. Bh3 Nd6 33. Nc7 e5 34. Bxc8
Rxc8 35. Ne6 1-0

[Event "International Chess Tournament Paracin 2"]
[Site "Paracin, Serbia"]
[Date "2022.07.09"]
[Round "2.3"]
[White "Milosevic, Milos"]
[Black "Petrov, Nikita"]
[Result "1/2-1/2"]
[WhiteElo "2288"]
[BlackElo "2558"]
[PlyCount "66"]
[EventDate "2022.??.??"]

1. d4 Nf6 2. Nc3 d5 3. Bf4 e6 4. e3 Bb4 5. Nge2 O-O 6. a3 Be7 7. Ng3 c5 8. dxc5
Bxc5 9. Bd3 Nbd7 10. e4 d4 11. Nce2 e5 12. Bd2 Re8 13. O-O Bf8 14. b4 a5 15.
bxa5 Nc5 16. Nc1 Be6 17. h3 Qc7 18. Bb5 Rec8 19. Qf3 Ncd7 20. Bd3 b6 21. axb6
Nxb6 22. Nf5 Nc4 23. Bg5 Nd7 24. Ne2 Nxa3 25. Ne7+ Bxe7 26. Bxe7 Nc5 27. Bxc5
Qxc5 28. Qh5 f6 29. f4 Nc4 30. fxe5 Qxe5 31. Qxe5 fxe5 32. Rxa8 Rxa8 33. Rb1
Rc8 1/2-1/2

[Event "International Chess Tournament Paracin 2"]
[Site "Paracin, Serbia"]
[Date "2022.07.09"]
[Round "2.4"]
[White "Makarian, Rudik"]
[Black "Todorovic, Nenad I"]
[Result "1-0"]
[WhiteElo "2533"]
[BlackElo "2302"]
[PlyCount "55"]
[EventDate "2022.??.??"]

1. d4 Nf6 2. c4 e6 3. Nf3 b6 4. Nc3 Bb4 5. e3 Bb7 6. Bd3 O-O 7. Bd2 c5 8. a3
cxd4 9. exd4 Be7 10. Qe2 d6 11. O-O Nbd7 12. b4 Re8 13. Rfe1 Bf8 14. Bg5 Qc7
15. Rac1 Rac8 16. Qd1 Qb8 17. d5 e5 18. Nd2 g6 19. Bc2 Bg7 20. Ba4 Rf8 21. Nce4
Qc7 22. Bxd7 Nxd7 23. Be7 Rfe8 24. Bxd6 Qd8 25. Qb3 f5 26. c5 fxe4 27. c6 Ba8
28. Bc7 1-0

[Event "International Chess Tournament Paracin 2"]
[Site "Paracin, Serbia"]
[Date "2022.07.09"]
[Round "2.5"]
[White "Arpita, Mukherjee"]
[Black "Zanan, Evgeny"]
[Result "1-0"]
[WhiteElo "2281"]
[BlackElo "2521"]
[PlyCount "139"]
[EventDate "2022.??.??"]

1. e4 e5 2. Nf3 Nc6 3. Bb5 a6 4. Ba4 Nf6 5. d3 d6 6. c3 Be7 7. O-O O-O 8. Re1
Re8 9. Nbd2 Bf8 10. h3 b5 11. Bc2 Bb7 12. a4 g6 13. b4 Bg7 14. Nb3 Nd7 15. Bg5
f6 16. Bh4 Nb6 17. Na5 Nxa5 18. bxa5 Nxa4 19. Bxa4 bxa4 20. Qxa4 Kh8 21. Rab1
Bc8 22. d4 Bd7 23. Qc2 g5 24. Bg3 Rf8 25. Rbd1 Qe8 26. Qd3 g4 27. hxg4 Bxg4 28.
Rb1 f5 29. Nh2 fxe4 30. Qc4 Bf5 31. Rb7 exd4 32. cxd4 c6 33. Bxd6 Rg8 34. Nf3
Be6 35. Qxe6 Qxe6 36. Ng5 Qd5 37. Nf7+ Qxf7 38. Rc7 Qe7 39. Rxe7 Bxd4 40. Rf7
Rg7 41. Rxe4 Ba1 42. Rf3 Rd7 43. Ra4 Rxd6 44. Rxa1 Rc8 45. Rb1 Rcd8 46. Rb6 c5
47. Rf8+ Rxf8 48. Rxd6 c4 49. Rxa6 Rc8 50. Rb6 c3 51. Rb1 c2 52. Rc1 Kg7 53. a6
Kg6 54. a7 Ra8 55. Rxc2 Rxa7 56. Kh2 Ra4 57. Kg3 h5 58. Rc6+ Kg5 59. Rc5+ Kg6
60. f4 Rb4 61. Rg5+ Kh6 62. Kf3 Rb3+ 63. Kf2 Rb2+ 64. Kg3 Rb3+ 65. Kh2 Rb4 66.
Kg3 Rb3+ 67. Kh4 Rb2 68. Rxh5+ Kg6 69. Rg5+ Kf6 70. Kg3 1-0

[Event "International Chess Tournament Paracin 2"]
[Site "Paracin, Serbia"]
[Date "2022.07.09"]
[Round "2.7"]
[White "Gundavaa, Bayarsaikhan"]
[Black "Ristic, Nenad"]
[Result "1/2-1/2"]
[WhiteElo "2503"]
[BlackElo "2293"]
[PlyCount "49"]
[EventDate "2022.??.??"]

1. e4 c6 2. Nc3 d5 3. Nf3 dxe4 4. Nxe4 Nf6 5. Qe2 Nxe4 6. Qxe4 Qd5 7. Qf4 Qd6
8. Qe3 g6 9. Bc4 Bg7 10. O-O O-O 11. Re1 b5 12. Bb3 c5 13. d3 Nc6 14. Ng5 Bf5
15. Ne4 Bxe4 16. Qxe4 e6 17. Bf4 Qd7 18. c3 a5 19. a4 b4 20. Rac1 bxc3 21. bxc3
Ne7 22. Bc4 Qxa4 23. Bd6 Qd7 24. Bxc5 Rfc8 25. d4 1/2-1/2

[Event "International Chess Tournament Paracin 2"]
[Site "Paracin, Serbia"]
[Date "2022.07.09"]
[Round "2.8"]
[White "Zemlyanskii, Ivan"]
[Black "Arjun, Kalyan"]
[Result "1/2-1/2"]
[WhiteElo "2269"]
[BlackElo "2499"]
[PlyCount "136"]
[EventDate "2022.??.??"]

1. d4 Nf6 2. c4 e6 3. Bf4 d5 4. Nc3 dxc4 5. e3 Nd5 6. Bxc4 Nxf4 7. exf4 Bd6 8.
Qd2 a6 9. Nf3 b5 10. Bd3 Bb7 11. Be4 Bxe4 12. Nxe4 Nc6 13. O-O O-O 14. Rfd1 Ne7
15. g3 Nd5 16. Rac1 h6 17. Qe2 Qe8 18. Ne5 Bxe5 19. dxe5 Qe7 20. f5 exf5 21.
Rxd5 fxe4 22. Qxe4 Rad8 23. Rdc5 Rd2 24. R1c2 Rxc2 25. Qxc2 Rd8 26. b4 Rd7 27.
a3 Qd8 28. Qe4 Rd1+ 29. Kg2 Qd3 30. Qxd3 Rxd3 31. Rxc7 Rxa3 32. Ra7 g5 33. f4
gxf4 34. gxf4 Ra4 35. Kg3 Rxb4 36. Rxa6 Kg7 37. Rb6 Rb3+ 38. Kg4 Rb2 39. h4 b4
40. Rb7 Kg8 41. Kf5 b3 42. Rb8+ Kg7 43. Rb7 Kg8 44. Kf6 Rf2 45. f5 b2 46. Rb8+
Kh7 47. Rb7 Kg8 48. h5 Re2 49. Rb6 Rf2 50. e6 fxe6 51. Kxe6 Re2+ 52. Kf6 Rg2
53. Rb8+ Kh7 54. Ke6 Re2+ 55. Kf7 Rc2 56. f6 Rc7+ 57. Ke6 Rc6+ 58. Ke7 Rc7+ 59.
Kd6 Rc2 60. f7 Rf2 61. Ke6 Kg7 62. Rg8+ Kh7 63. Rg1 Re2+ 64. Kd7 Rd2+ 65. Ke7
Re2+ 66. Kf8 Kh8 67. Rg8+ Kh7 68. Rg7+ Kh8 1/2-1/2

[Event "International Tournament "]
[Site "Pool "]
[Date "2022.07.09"]
[Round "2.21"]
[White "Ilijic, Mihajilo"]
[Black "Amartuvshin, Ganzorig"]
[Result "0-1"]
[WhiteElo "2167"]
[BlackElo "2409"]
[PlyCount "88"]
[EventDate "2022.07.08"]

1. e4 c5 2. Nf3 e6 3. Nc3 Nc6 4. Bb5 Nge7 5. O-O a6 6. Bxc6 Nxc6 7. d4 cxd4 8.
Nxd4 Qc7 9. Re1 d6 10. Bg5 h6 11. Bh4 g5 12. Bg3 Ne5 13. Nf3 b6 14. Nxe5 dxe5
15. Nd5 exd5 16. Bxe5 Qxe5 17. exd5 Bd6 18. Qd4 f6 19. Qxb6 O-O 20. Rxe5 Bxe5
21. d6 Bf5 22. Qb3+ Kg7 23. Qf3 Bxc2 24. Rc1 Bg6 25. Qb7+ Bf7 26. d7 Rad8 27.
g3 Be6 28. Rd1 Rf7 29. Qb6 Rdxd7 30. Rxd7 Bxd7 31. Kg2 Bc8 32. f4 gxf4 33. gxf4
Bxf4 34. b4 Bb7+ 35. Kh3 h5 36. Kh4 Bg5+ 37. Kg3 h4+ 38. Kg4 Re7 39. Qd8 Re4+
40. Kh5 Kf7 41. Qh8 Bd5 42. Qh7+ Kf8 43. Kg6 Re7 44. Qh8+ Bg8 0-1

[Event "International Tournament "]
[Site "Pool "]
[Date "2022.07.09"]
[Round "2.22"]
[White "Shahil, Dey"]
[Black "Akin, Yagiz Cinar"]
[Result "1-0"]
[WhiteElo "2402"]
[BlackElo "2125"]
[PlyCount "57"]
[EventDate "2022.07.08"]

1. e4 e5 2. Nf3 Nc6 3. Bc4 Bc5 4. O-O Nf6 5. d3 d6 6. c3 O-O 7. Bg5 h6 8. Bh4
Be6 9. Nbd2 a5 10. Bb5 g5 11. Bg3 g4 12. Nh4 Ne7 13. Bc4 Qd7 14. Kh1 Nh5 15.
Bxe6 Qxe6 16. f4 Nxg3+ 17. hxg3 h5 18. Nb3 Bb6 19. d4 a4 20. fxe5 dxe5 21. Qd2
f6 22. Qh6 Rf7 23. d5 Qd6 24. Nd2 f5 25. Qxd6 cxd6 26. Nxf5 Nxf5 27. Rxf5 Rh7
28. Raf1 Bc5 29. Kh2 1-0

[Event "International Tournament "]
[Site "Pool "]
[Date "2022.07.09"]
[Round "2.23"]
[White "Srdanovic, Jovana"]
[Black "Muthaiah, Al"]
[Result "0-1"]
[WhiteElo "2136"]
[BlackElo "2401"]
[PlyCount "72"]
[EventDate "2022.07.08"]

1. d4 Nf6 2. c4 e6 3. Nf3 d5 4. Nc3 c6 5. cxd5 exd5 6. Bg5 Be7 7. e3 Bf5 8. Be2
h6 9. Bh4 Nbd7 10. O-O O-O 11. a3 a5 12. Ne1 Ne8 13. Bxe7 Qxe7 14. Nd3 Nd6 15.
b3 Rfe8 16. Qd2 g6 17. Na4 Ne4 18. Qb2 h5 19. b4 h4 20. bxa5 Rxa5 21. Qb4 Ra7
22. Qxe7 Rxe7 23. Nab2 Nd2 24. Rfd1 Nb3 25. Ra2 Nxd4 26. Nc1 Ne6 27. Ncd3 Re8
28. a4 Rea8 29. Rda1 Bxd3 30. Nxd3 Nec5 31. Nxc5 Nxc5 32. Bd1 Ra5 33. g3 hxg3
34. hxg3 b5 35. Rc1 bxa4 36. Rac2 a3 0-1

[Event "International Tournament "]
[Site "Pool "]
[Date "2022.07.09"]
[Round "2.24"]
[White "Damjanovic, Vuk"]
[Black "Borgaonkar, Akshay"]
[Result "1-0"]
[WhiteElo "2393"]
[BlackElo "2122"]
[PlyCount "111"]
[EventDate "2022.07.08"]

1. d4 Nf6 2. Nc3 d5 3. Bf4 Bf5 4. e3 e6 5. Nf3 a6 6. Ne5 h5 7. Bd3 Bxd3 8. cxd3
Nbd7 9. O-O Nxe5 10. dxe5 Nd7 11. h3 c5 12. Bh2 g6 13. f4 Bg7 14. a4 Rc8 15. a5
b5 16. axb6 Qxb6 17. Ra2 Rb8 18. Qa4 Rb7 19. Rf2 O-O 20. Qxa6 Qxa6 21. Rxa6
Rfb8 22. Nd1 Rb3 23. Rd2 Nb6 24. Kf1 Bf8 25. Ke2 c4 26. d4 Rb4 27. Nc3 Rb3 28.
Rc2 Bb4 29. Nd1 Be7 30. g4 hxg4 31. hxg4 Kg7 32. Ra7 Rh8 33. Kf3 Nc8 34. Rc7
Rd3 35. f5 gxf5 36. gxf5 Rxd1 37. Rg2+ Kh7 38. f6 Rf1+ 39. Ke2 Rb1 40. Rg7+ Kh6
41. Bf4+ Kh5 42. fxe7 Rxb2+ 43. Kf3 Re8 44. Rxf7 Rb8 45. Rh7+ Kg6 46. Rh6+ Kg7
47. Rxe6 Kf7 48. Rf6+ Kg7 49. Bh6+ Kh7 50. Bf8 Rb1 51. Kg4 Kg8 52. Kf5 c3 53.
Ke6 Nb6 54. Rxc3 Nc8 55. e4 Rh1 56. exd5 1-0

[Event "International Tournament "]
[Site "Pool "]
[Date "2022.07.09"]
[Round "2.25"]
[White "Anuj, Shrivatri"]
[Black "Kadam, Om Manish"]
[Result "0-1"]
[WhiteElo "2383"]
[BlackElo "2037"]
[PlyCount "114"]
[EventDate "2022.07.08"]

1. c4 e6 2. Nf3 d5 3. e3 Nf6 4. Nc3 Be7 5. b3 b6 6. Bb2 Bb7 7. cxd5 exd5 8. d4
Nbd7 9. Bd3 Ne4 10. O-O O-O 11. Qc2 f5 12. Ne2 Bd6 13. Ne5 Qe8 14. f4 Ndf6 15.
h3 Rc8 16. Qd1 c5 17. Rc1 Qe6 18. Kh2 Rc7 19. Ng1 h6 20. Ngf3 g5 21. Nd2 Rg7
22. Nxe4 Nxe4 23. Bxe4 fxe4 24. Qe2 gxf4 25. exf4 Kh7 26. Kh1 Rg3 27. Rc3 Rg7
28. Rcc1 Qf5 29. Ng4 Rgf7 30. dxc5 bxc5 31. Be5 Be7 32. Qb5 Qc8 33. Rfd1 Qc6
34. Qxc6 Bxc6 35. b4 h5 36. Nh2 c4 37. b5 Bb7 38. Nf1 Bc5 39. Rc3 Bb4 40. Rg3
Bc5 41. Rg5 Rd7 42. f5 h4 43. Nh2 Bd6 44. Bd4 Bxh2 45. Kxh2 Kh6 46. Be3 Kh7 47.
Bd4 Kh6 48. Be3 Kh7 49. Rf1 d4 50. Rh5+ Kg8 51. Bh6 Rf6 52. Bg5 Rfd6 53. Rf4
Rh7 54. Rxh7 Kxh7 55. f6 Bd5 56. Bxh4 d3 57. Bg5 c3 0-1

[Event "International Tournament "]
[Site "Pool "]
[Date "2022.07.09"]
[Round "2.26"]
[White "Kairbekova, Amina"]
[Black "Djordjevic, Vuk"]
[Result "0-1"]
[WhiteElo "2133"]
[BlackElo "2382"]
[Annotator "Balkanchess"]
[PlyCount "45"]
[EventDate "2022.07.08"]

1. e4 e6 2. d4 d5 3. Nc3 Bb4 4. e5 c5 5. a3 Bxc3+ 6. bxc3 Qa5 7. Bd2 Qa4 8. Qb1
c4 9. Nh3 Ne7 10. Nf4 Nbc6 11. Nh5 Rg8 12. g3 Bd7 13. Bh3 O-O-O 14. Qb2 Rdf8
15. Rb1 Nd8 16. O-O Be8 17. Rbe1 Nec6 18. g4 f5 19. gxf5 exf5 20. Kh1 Qa5 21.
Bc1 Qc7 22. Bf4 Qe7 23. Bg3 {...55} 0-1

[Event "International Tournament "]
[Site "Pool "]
[Date "2022.07.09"]
[Round "2.27"]
[White "Gusev, Mikhail"]
[Black "Erdogmus, Yagiz Kaan"]
[Result "0-1"]
[WhiteElo "2010"]
[BlackElo "2373"]
[PlyCount "36"]
[EventDate "2022.07.08"]

1. d4 Nf6 2. c4 g6 3. h4 Bg7 4. Nc3 Nc6 5. e4 e5 6. d5 Nd4 7. Be3 O-O 8. Nge2
c5 9. dxc6 dxc6 10. Nxd4 exd4 11. Bxd4 Qa5 12. Bd3 Rd8 13. Bxf6 Bxf6 14. Rc1 h5
15. Qe2 Bxh4 16. b4 Qg5 17. O-O Bg4 18. f3 Bg3 0-1

[Event "International Tournament "]
[Site "Pool "]
[Date "2022.07.09"]
[Round "2.28"]
[White "Renganayaki, Venkatesh"]
[Black "Mazi, Leon"]
[Result "1/2-1/2"]
[WhiteElo "1991"]
[BlackElo "2358"]
[PlyCount "93"]
[EventDate "2022.07.08"]

1. d4 d5 2. Nf3 Nf6 3. g3 e6 4. Bg2 Be7 5. O-O O-O 6. c4 dxc4 7. Qc2 a6 8. a4
Nc6 9. Qxc4 Qd5 10. Qxd5 exd5 11. Bf4 Ne8 12. Nc3 Be6 13. Rfd1 f6 14. Ne1 Nb4
15. Rac1 g5 16. Be3 a5 17. Nd3 c6 18. Nc5 Bc8 19. Bd2 b6 20. Nd3 Nxd3 21. exd3
Kg7 22. Na2 Bd7 23. b4 Ra7 24. bxa5 bxa5 25. Rb1 Nc7 26. Nc1 Ne6 27. Nb3 Rfa8
28. Bh3 Kf7 29. Re1 Bd8 30. Bf5 Rb8 31. Bxe6+ Bxe6 32. Rxe6 Rab7 33. Rxc6 Rxb3
34. Rxb3 Rxb3 35. Ra6 Ra3 36. Bxa5 Rxa4 37. Ra7+ Kg6 38. Bb6 Rxa7 39. Bxa7 g4
40. Kg2 f5 41. f3 Kf7 42. h3 h5 43. hxg4 hxg4 44. fxg4 fxg4 45. Bc5 Ke6 46. Kf2
Bg5 47. Bf8 1/2-1/2

[Event "International Tournament "]
[Site "Pool "]
[Date "2022.07.09"]
[Round "2.29"]
[White "Ohanyan, Emin"]
[Black "Gkavardinas, Antonios"]
[Result "1-0"]
[WhiteElo "2354"]
[BlackElo "2010"]
[PlyCount "105"]
[EventDate "2022.07.08"]

1. d4 d5 2. c4 e6 3. Nc3 Be7 4. Nf3 Nf6 5. Bf4 O-O 6. e3 Nbd7 7. Be2 c5 8. cxd5
exd5 9. O-O b6 10. dxc5 Nxc5 11. Nd4 Bb7 12. Nf5 Qd7 13. Nxe7+ Qxe7 14. Nb5
Rfd8 15. Rc1 Nfe4 16. Nd4 a5 17. a3 a4 18. Qe1 g5 19. Bg3 Nxg3 20. hxg3 Rac8
21. Qb4 Qf6 22. g4 Re8 23. Nf5 Re4 24. Qc3 Qxc3 25. Rxc3 Rd8 26. Rd1 Rd7 27.
Bb5 Rd8 28. Rd4 Kf8 29. f3 Re5 30. Bxa4 Bc8 31. Bc2 Ba6 32. b4 Ne6 33. Rd2 Bc4
34. g3 b5 35. f4 d4 36. Rxc4 Rxf5 37. gxf5 bxc4 38. fxe6 d3 39. Bb1 fxe6 40.
Kf2 g4 41. e4 Rc8 42. Bxd3 cxd3 43. Rxd3 Rc2+ 44. Ke3 h5 45. Rb3 h4 46. gxh4 g3
47. Kf3 g2 48. Rb1 Kf7 49. Rg1 Rc3+ 50. Kxg2 Rxa3 51. Rb1 Ra2+ 52. Kf3 Rh2 53.
Kg3 1-0

[Event "International Tournament "]
[Site "Pool "]
[Date "2022.07.09"]
[Round "2.30"]
[White "Vujcic, Milena"]
[Black "Sharan, Rao"]
[Result "0-1"]
[WhiteElo "1987"]
[BlackElo "2342"]
[PlyCount "66"]
[EventDate "2022.07.08"]

1. e4 c6 2. d4 d5 3. Nc3 dxe4 4. Nxe4 Nf6 5. Nxf6+ exf6 6. c3 Bd6 7. Bd3 O-O 8.
Qc2 Re8+ 9. Ne2 h5 10. Be3 Nd7 11. Ng3 Nb6 12. Nxh5 Nd5 13. O-O-O Bg4 14. Be2
Bxh5 15. Bxh5 Qa5 16. Qb3 Re7 17. Bf3 Nxe3 18. fxe3 Rxe3 19. Rhe1 Rae8 20. Rxe3
Rxe3 21. Qxb7 Qf5 22. Rd2 Bf4 23. Qxc6 Re1+ 24. Bd1 Qd3 25. Qc8+ Kh7 26. Qh3+
Qxh3 27. gxh3 Rh1 28. Kc2 Bxd2 29. Kxd2 Rxh2+ 30. Be2 Kg6 31. Ke3 Rxh3+ 32. Kf4
f5 33. d5 Kf6 0-1

[Event "International Tournament "]
[Site "Pool "]
[Date "2022.07.09"]
[Round "2.31"]
[White "Isik, Alparslan"]
[Black "Tenuunbold, Battulga"]
[Result "1-0"]
[WhiteElo "2341"]
[BlackElo "1893"]
[PlyCount "105"]
[EventDate "2022.07.08"]

1. d4 d5 2. c4 c6 3. Nf3 Nf6 4. e3 Bf5 5. Nc3 e6 6. Nh4 Be4 7. f3 Bg6 8. Qb3
Qb6 9. Nxg6 hxg6 10. Bd2 Bd6 11. c5 Qxb3 12. axb3 Bc7 13. b4 b5 14. cxb6 Bxb6
15. Na4 Bc7 16. Kf2 Ke7 17. Bd3 Nbd7 18. h3 Bd6 19. Nc5 Rhb8 20. Ra2 Bc7 21.
Rc1 Bd8 22. Nb3 Rc8 23. Ba6 Rcb8 24. Rxc6 Rb6 25. Rc1 Ne8 26. Bd3 Rbb8 27. Na5
Bxa5 28. bxa5 Nd6 29. b4 Rc8 30. Rac2 Kd8 31. Rxc8+ Rxc8 32. Rxc8+ Kxc8 33. b5
Kb7 34. Ke2 Nb8 35. Bb4 Kc7 36. Kd2 Ne8 37. Bc5 Kb7 38. h4 a6 39. bxa6+ Nxa6
40. Bf8 Nac7 41. g4 f5 42. g5 Kc6 43. e4 Nb5 44. Ke3 Nbd6 45. Kf4 Nf7 46. exf5
exf5 47. a6 Nc7 48. Bxf5 Nd8 49. Bxg7 Nde6+ 50. Bxe6 Nxe6+ 51. Ke5 Nxg7 52. Kf6
Nf5 53. h5 1-0

[Event "International Tournament "]
[Site "Pool "]
[Date "2022.07.09"]
[Round "2.32"]
[White "Watarkar, Yash"]
[Black "Rohith, Krishna S"]
[Result "0-1"]
[WhiteElo "1792"]
[BlackElo "2326"]
[PlyCount "82"]
[EventDate "2022.07.08"]

1. c4 e6 2. Nc3 d5 3. cxd5 exd5 4. Nf3 Nf6 5. d4 c6 6. Bg5 h6 7. Bh4 Be7 8. e3
O-O 9. Bd3 Nbd7 10. Qc2 Re8 11. Bg3 Nf8 12. O-O Nh5 13. Be5 Bg4 14. h3 Bxf3 15.
gxf3 Bd6 16. Bxd6 Qxd6 17. f4 Rac8 18. Qd1 Nf6 19. Qf3 b6 20. Rad1 Rcd8 21. f5
c5 22. Bb1 N8h7 23. h4 c4 24. Kh1 Re7 25. Rg1 Kf8 26. Rg2 Ne8 27. Rdg1 Nhf6 28.
a3 Rb7 29. Bc2 b5 30. a4 b4 31. Ne2 Rc7 32. Rc1 Rdc8 33. Nf4 b3 34. Bd1 Ne4 35.
Qe2 Rb8 36. f3 N4f6 37. Qe1 Re7 38. Re2 Qd7 39. Qg3 Rb4 40. Kg2 Qxf5 41. a5 Ra4
0-1

[Event "International Tournament "]
[Site "Pool "]
[Date "2022.07.09"]
[Round "2.33"]
[White "Anirudh, Daga"]
[Black "Savic, Miodrag R"]
[Result "0-1"]
[WhiteElo "1878"]
[BlackElo "2418"]
[PlyCount "92"]
[EventDate "2022.07.08"]

1. e4 e5 2. Nf3 Nc6 3. Bc4 Bc5 4. d3 h6 5. c3 d6 6. h3 Bb6 7. O-O Nge7 8. Re1
O-O 9. b4 Ng6 10. Qb3 Qf6 11. Qd1 Nh4 12. Be3 Nxf3+ 13. Qxf3 Qxf3 14. gxf3 Bxh3
15. Kh2 Be6 16. Nd2 Rae8 17. Rg1 Kh7 18. a4 f5 19. Bxe6 Rxe6 20. exf5 Rxf5 21.
a5 Bxe3 22. fxe3 Rh5+ 23. Kg2 a6 24. Ne4 Rg6+ 25. Kf1 Ne7 26. Rxg6 Kxg6 27. Kg2
Nd5 28. Re1 Nf6 29. Nxf6 Kxf6 30. Rb1 Ke6 31. c4 c6 32. e4 Rg5+ 33. Kh2 Kd7 34.
Rb2 Rg6 35. b5 cxb5 36. cxb5 axb5 37. Rxb5 Kc6 38. Rb6+ Kc7 39. Rb5 Rf6 40. Kg2
Rf8 41. Rb1 Ra8 42. Rb5 Ra6 43. Rd5 Rc6 44. d4 Rc2+ 45. Kg3 Rd2 46. Rb5 Rxd4
0-1

[Event "International Tournament "]
[Site "Pool "]
[Date "2022.07.09"]
[Round "2.34"]
[White "Santiago, Yago De Moura"]
[Black "Citak, Selim"]
[Result "1-0"]
[WhiteElo "2513"]
[BlackElo "2176"]
[PlyCount "59"]
[EventDate "2022.07.08"]

1. d4 d5 2. c4 e6 3. Nf3 c5 4. cxd5 exd5 5. g3 Nf6 6. Bg2 Nc6 7. O-O Be7 8.
dxc5 Bxc5 9. a3 a5 10. Bg5 O-O 11. Qc2 Be7 12. Rd1 Be6 13. Nc3 Qb6 14. Be3 Qa6
15. Ng5 h6 16. Nxe6 fxe6 17. Bh3 Ne5 18. Bd4 Nf7 19. f4 Rac8 20. Qd3 Qxd3 21.
exd3 Rc6 22. Re1 Nd8 23. f5 Kf7 24. Bg2 Bc5 25. Bxc5 Rxc5 26. d4 Rc6 27. fxe6+
Nxe6 28. Nxd5 Nxd5 29. Bxd5 Rd6 30. Ba2 1-0

[Event "International Tournament "]
[Site "Pool "]
[Date "2022.07.09"]
[Round "2.35"]
[White "Song, Raymond"]
[Black "Efremov, Vladislav"]
[Result "1-0"]
[WhiteElo "2499"]
[BlackElo "2185"]
[Annotator "Balkanchess"]
[PlyCount "62"]
[EventDate "2022.07.08"]

1. e4 e5 2. Nf3 Nc6 3. Bb5 Nf6 4. d3 Bc5 5. Bxc6 dxc6 6. Nbd2 Be6 7. O-O Nd7 8.
Nb3 Bb6 9. Ng5 Bxb3 10. axb3 f6 11. Nf3 O-O 12. Nh4 Nc5 13. Kh1 Ne6 14. f4 Nxf4
15. Bxf4 exf4 16. Rxf4 g5 17. Rg4 h5 18. Rg3 Bf2 19. Nf5 Bxg3 20. Qxh5 Qe8 21.
Qh6 Qd7 22. Qh3 Rf7 23. Qxg3 Rh7 24. Qe3 Qe6 25. Rxa7 Rxa7 26. Qxa7 Qe5 27. h3
g4 28. Qxb7 gxh3 29. g3 Qe8 30. Kh2 Rh5 31. Qb4 Kf7 {...44} 1-0

[Event "International Tournament "]
[Site "Pool "]
[Date "2022.07.09"]
[Round "2.36"]
[White "Zajic, Milan"]
[Black "Bazyrtsyrenov, Kirill"]
[Result "1-0"]
[WhiteElo "2431"]
[BlackElo "2147"]
[PlyCount "101"]
[EventDate "2022.07.08"]

1. e4 c5 2. Nf3 Nc6 3. Bb5 d6 4. d4 cxd4 5. Qxd4 Bd7 6. Qd3 g6 7. O-O Bg7 8. c4
Nf6 9. Nc3 O-O 10. h3 a6 11. Bxc6 Bxc6 12. Nd4 Nd7 13. Be3 Rc8 14. Rac1 Qa5 15.
Rfd1 Rfe8 16. Qb1 Qh5 17. b3 Nc5 18. Re1 Ne6 19. Nxe6 fxe6 20. Qd3 b5 21. cxb5
axb5 22. Ne2 d5 23. Nf4 dxe4 24. Qf1 Qf5 25. Rc5 e5 26. Rec1 Qd7 27. Rd1 Qf5
28. Ne2 Qe6 29. Rdc1 b4 30. Ng3 h5 31. Qc4 Qxc4 32. R1xc4 Bd7 33. Rxb4 Ra8 34.
Rc2 Bf5 35. Nxe4 Red8 36. f3 Rd1+ 37. Kf2 Bf6 38. Ke2 Ra1 39. a4 g5 40. Rd2 g4
41. hxg4 hxg4 42. Nxf6+ exf6 43. fxg4 Be6 44. Rd6 Re8 45. Kf2 Ra3 46. Rb7 Bxb3
47. a5 Ra2+ 48. Bd2 Bc4 49. Rdd7 e4 50. Ke3 Ra4 51. Bb4 1-0

[Event "International Tournament "]
[Site "Pool "]
[Date "2022.07.09"]
[Round "2.37"]
[White "Menezes, Christoph"]
[Black "Loskutova, Viktoriya"]
[Result "0-1"]
[WhiteElo "2417"]
[BlackElo "2153"]
[Annotator "Balkanchess"]
[PlyCount "56"]
[EventDate "2022.07.08"]

1. d4 Nf6 2. c4 e6 3. Nf3 d5 4. Nc3 Bb4 5. cxd5 exd5 6. Bg5 Nbd7 7. Qc2 c5 8.
e3 Qa5 9. Bd3 c4 10. Bf5 O-O 11. O-O Re8 12. a4 g6 13. Bxd7 Nxd7 14. Ne2 Be7
15. Bxe7 Rxe7 16. Nc3 Nf6 17. Ne5 Bf5 18. Qd2 Nd7 19. e4 Be6 20. Nxd7 Rxd7 21.
e5 Bf5 22. Rfe1 Re8 23. h4 Qd8 24. Qg5 Qxg5 25. hxg5 Re6 26. f3 Rb6 27. Re2 Bd3
28. Rd2 h5 {...47} 0-1

[Event "International Tournament "]
[Site "Pool "]
[Date "2022.07.09"]
[Round "2.38"]
[White "Harshavardhan, G B."]
[Black "Aakash Sharadchandra, Dalvi"]
[Result "1-0"]
[WhiteElo "2397"]
[BlackElo "2110"]
[PlyCount "67"]
[EventDate "2022.07.08"]

1. d4 Nf6 2. c4 e6 3. g3 d5 4. Bg2 dxc4 5. Nf3 c5 6. O-O Nc6 7. Qa4 cxd4 8.
Nxd4 Bd7 9. Nxc6 bxc6 10. Qxc4 Nd5 11. Nc3 Be7 12. Bd2 O-O 13. Rfd1 Qc8 14.
Rac1 Rd8 15. Na4 Qb7 16. Ba5 Rdc8 17. e4 Nf6 18. Nc5 Bxc5 19. Qxc5 Qb5 20. b4
Qxc5 21. Rxc5 Rab8 22. f3 Be8 23. Bf1 Nd7 24. Rc2 Nb6 25. Rcd2 Kf8 26. Ba6 Rc7
27. b5 c5 28. Rc1 f6 29. Rdc2 Rd8 30. Rxc5 Rxc5 31. Rxc5 Rd1+ 32. Kf2 Ra1 33.
Bb4 Kg8 34. a3 1-0

[Event "International Tournament "]
[Site "Pool "]
[Date "2022.07.09"]
[Round "2.39"]
[White "Jain, Kashish Manoj"]
[Black "Sapenov, Daniyal"]
[Result "1/2-1/2"]
[WhiteElo "2147"]
[BlackElo "2362"]
[PlyCount "75"]
[EventDate "2022.07.08"]

1. e4 c6 2. d4 d5 3. e5 Bf5 4. Nf3 e6 5. Be2 c5 6. Be3 Qb6 7. Nc3 Nc6 8. O-O
Qxb2 9. Qe1 cxd4 10. Bxd4 Nxd4 11. Nxd4 Bb4 12. Ndb5 Ba5 13. Rb1 Qxc2 14. Rc1
Qb2 15. Na4 Bxe1 16. Nxb2 Ba5 17. Nd6+ Kf8 18. Nxb7 Bb6 19. Na4 g5 20. g4 Bg6
21. Nxb6 axb6 22. f4 gxf4 23. Rxf4 Kg7 24. Nd6 Rxa2 25. Bb5 Nh6 26. Ne8+ Rxe8
27. Bxe8 Re2 28. h4 Rxe5 29. Rc7 Kf8 30. Rc8 Ke7 31. h5 Be4 32. Bxf7 Rg5 33.
Re8+ Kd7 34. Rxe6 Nxf7 35. Rexe4 dxe4 36. Rxf7+ Kc6 37. Rxh7 Rxg4+ 38. Kf2
1/2-1/2

[Event "International Tournament "]
[Site "Pool "]
[Date "2022.07.09"]
[Round "2.40"]
[White "Kushagra, Mohan"]
[Black "Ufimtsev, Egor"]
[Result "1-0"]
[WhiteElo "2359"]
[BlackElo "2137"]
[PlyCount "53"]
[EventDate "2022.07.08"]

1. e4 c6 2. d4 d5 3. Nd2 dxe4 4. Nxe4 Nf6 5. Nxf6+ exf6 6. c3 Bd6 7. Bd3 O-O 8.
Qc2 Re8+ 9. Ne2 h5 10. Be3 Nd7 11. O-O-O Nf8 12. Kb1 Be6 13. c4 Rc8 14. Nc3 Bb4
15. Ne4 Qa5 16. a3 Be7 17. Bd2 Qd8 18. Bc3 b5 19. cxb5 Qd5 20. b4 cxb5 21. Nc5
Qxg2 22. Be4 Qh3 23. Rhg1 Bxc5 24. dxc5 Bb3 25. Qxb3 Rxe4 26. Rxg7+ Kh8 27.
Qxf7 1-0